ბათუმის შოთა რუსთაველის სახელმწიფო უნივერსიტეტის ბიბლიოთეკა

ტურიზმის მარკეტინგი (ბიბ.ჩანაწერი № 34604)

000 -LEADER
fixed length control field 00795nam a2200241Ia 4500
001 - CONTROL NUMBER
control field 366
003 - CONTROL NUMBER IDENTIFIER
control field GE_BSU
008 - FIXED-LENGTH DATA ELEMENTS--GENERAL INFORMATION
fixed length control field 181216s||||||||xx |||||||||||||| ||und||
020 ## - INTERNATIONAL STANDARD BOOK NUMBER
International Standard Book Number 9789941127908
040 ## - CATALOGING SOURCE
Transcribing agency GE_BSU
080 ## - UNIVERSAL DECIMAL CLASSIFICATION NUMBER
Universal Decimal Classification number 338.48(075.8)+339.1(075.8)
100 ## - MAIN ENTRY--PERSONAL NAME
Personal name შუბლაძე, გიორგი;დოლიკაშვილი,ლ
245 ## - TITLE STATEMENT
Title ტურიზმის მარკეტინგი
260 ## - PUBLICATION, DISTRIBUTION, ETC.
Place of publication, distribution, etc. თბილისი
260 ## - PUBLICATION, DISTRIBUTION, ETC.
Name of publisher, distributor, etc. უნივერსალი
260 ## - PUBLICATION, DISTRIBUTION, ETC.
Date of publication, distribution, etc. 2009
300 ## - PHYSICAL DESCRIPTION
Extent 398 გვ.
300 ## - PHYSICAL DESCRIPTION
Other physical details ცხრ., ნახ.
653 ## - INDEX TERM--UNCONTROLLED
Uncontrolled term ტურიზმის ეკონომიკა
653 ## - INDEX TERM--UNCONTROLLED
Uncontrolled term ტურისტული მომსახურეობის ბაზარი
942 ## - ADDED ENTRY ELEMENTS (KOHA)
Koha item type წიგნი
ეგზემპლარები
Withdrawn status Lost status Damaged status Not for loan Date acquired Barcode Date last seen Price effective from Koha item type Public note
        2018-12-17 2181 2018-12-17 2018-12-17 წიგნი დარბაზი
        2018-12-17 2180 2018-12-17 2018-12-17 წიგნი დარბაზი